The encyclopedia of Malaysia architecture

Bibliographic Details
Main Author: Chen Vooh Fee
Format: Book
Published: Singapore : Archipelago Press , 1998
Subjects:

MARC

LEADER 00000cam a2200000 7i4500
001 0000012233
005 20050419.0
020 |a 9813018437 
040 |a INS 
090 0 0 |a NA705   |b C42039 1998 
100 1 |a Chen Vooh Fee 
245 1 4 |a The encyclopedia of Malaysia architecture   |c Chen Vooh Fee 
260 |a Singapore :   |b Archipelago Press ,   |c 1998 
300 |a 144p :   |b 30cm 
650 0 0 |a Architecture   |x Malaysia   |y Encyclopedies 
999 |a 0000011120   |b BOOK   |c Open Shelf   |e Default branch